Die Wirkung des borsauren Natriums auf die praktisch wichtigeren Pilze
Elmentve itt :
| Szerző: | |
|---|---|
| Dokumentumtípus: | Cikk |
| Megjelent: |
1937
|
| Sorozat: | Kolligátum
|
| Kulcsszavak: | Bőrgyógyászat - gombabetegségek |
| Online Access: | http://misc.bibl.u-szeged.hu/25528 |
| LEADER | 00584nab a2200169 i 4500 | ||
|---|---|---|---|
| 001 | misc25528 | ||
| 005 | 20191108150254.0 | ||
| 008 | 170821s1937 hu o 0|| zxx d | ||
| 040 | |a SZTE Miscellanea Repozitórium |b hun | ||
| 041 | |a zxx | ||
| 100 | 1 | |a Dósa András | |
| 245 | 1 | 4 | |a Die Wirkung des borsauren Natriums auf die praktisch wichtigeren Pilze |h [elektronikus dokumentum] / |c Dósa András |
| 260 | |c 1937 | ||
| 300 | |a 261-264 | ||
| 490 | 0 | |a Kolligátum | |
| 695 | |a Bőrgyógyászat - gombabetegségek | ||
| 856 | 4 | 0 | |u http://misc.bibl.u-szeged.hu/25528/1/017_011_261-264.pdf |z Dokumentum-elérés |